000 00439nam a2200193Ia 4500
005 20250423100143.0
008 250422s9999 xx 000 0 und d
020 _a9789810692605
050 _aTA 351 .H53/
100 _aHibbeler, R. C.
245 0 _aMechanics for engineers : Statics
250 _a13th ed.
260 _aNew York
260 _bpeaeson
260 _c2013
300 _a648 p
650 _aStatics.
942 _cBK
999 _c32440
_d32440